| 000 | 00374nam a2200133Ia 4500 | ||
|---|---|---|---|
| 005 | 20251222143205.0 | ||
| 008 | 251222s9999||||xx |||||||||||||| ||spa|| | ||
| 020 | _a84-8390-901-4 | ||
| 082 | _a471/E92 | ||
| 100 | _aEstébanez Gallego, María Purificación | ||
| 245 | 0 | _aGramítica de la Lengua Latina | |
| 264 | _bPontificia Universidad Católica Del Perú | ||
| 942 | _cLIB | ||
| 999 |
_c13230 _d13230 |
||